Pokémon- Noms de codes des Ultra-Chimères - Statistiques

Statistiques générales
  • Ce quiz a été pris 12 fois
  • Le résultat moyen est 4 sur 11
Statistiques - réponses
Ultra-Chimère Nom de code % Correct
Cancrelove UC-02 Beauté
70%
Zéroid UC-01 Parasite
60%
Mouscoto UC-02 Expansion
60%
Bamboiselle UC-04 Réacteur
50%
Engloutyran UC-05 Gourmandise
40%
Katagami UC-04 Lame
30%
Mandrillon UC-Aiguillon
30%
Vémini UC-Glu
30%
Câblifère UC-03 Eclair
20%
Pierroteknik UC-Détonation
20%
Ama-Ama UC-Empilage
20%
Aucun quiz correspondant
Distribution des résultats
% des personnes avec chaque résultat
Percentile par nombre de réponses
Votre historique - résultats
Vous n’avez pas pris ce quiz